000 00504nam a2200169Ia 4500
999 _c21050
_d21050
003 OSt
005 20200615121254.0
008 190216s9999||||xx |||||||||||||| ||und||
020 _a9788178241524
040 _coclc
082 _a305.69710544
_bMAY/A
100 _aMayaram, Shail
_92388
245 0 _aAgainst History Against State /
_cShail Mayaram
260 _bPermanant Black,
_aDelhi:
_c2006.
300 _a316p
942 _cBK
_2ddc
_h305.69710544
_iMAY/A
_k305.69710544
_mMAY/A